| 000 | 02778cam a22004694i 4500 | ||
|---|---|---|---|
| 003 | PE-LiUPU | ||
| 005 | 20250731173111.0 | ||
| 008 | 181221s2016 utua r 001 0 eng | ||
| 020 | _a1944394028 | ||
| 020 | _a9781944394028 | ||
| 035 | _a(Sirsi) a251130 | ||
| 049 | _aPRUA | ||
| 082 | 0 | 4 |
_a220.9 _bC66 _223 |
| 245 | 0 | 2 |
_aA Bible reader's history of the ancient worldA Bible reader's history of the ancient world / _c edited by Kent P. |
| 264 | 1 |
_aProvo : _bThe Jerusalem Center for Near Eastern Studies, Brigham Young University, _c[2016]. |
|
| 300 |
_aix, 450 páginas : _bilustraciones; _c25 centímetros |
||
| 336 |
_atext _2rdacontent |
||
| 337 |
_aunmediated _2rdamedia |
||
| 338 |
_avolume _2rdacarrier |
||
| 504 | _aÍndice: páginas 432-450. | ||
| 505 | 0 | _aGetting to know the ancient world -- The world of the Bible -- Archaeology -- The earliest civilizations and cities of the Near East -- Old Testament backgrounds -- Early Mesopotamia -- Egypt's Old Kingdom -- Egypt's Middle Kingdom and Second Intermediate Period -- Genesis and the ancient Near East -- The Canaanites -- Egypt's New Kingdom -- The exodus -- Sea peoples and Philistines -- Israel's conquest and settlement -- Early Israel in Canaan -- Israel's United Monarchy (1030?-931 BCE) -- Temples in the Near East and Israel -- The Neo-Assyrian Empire -- Ammonites, Moabites, Phoenicians, Arameans, and Edomites -- Israel's Divided Monarchy, part 1 (930-841 BCE ) -- Israel's Divided Monarchy, part 2 (841-722 BCE) -- Judah alone (722-586 BCE) -- The Neo-Babylonian Empire --The fall of Judah and the exile -- The Persian Empire and the restored Jewish nation -- New Testament backgrounds -- The Greeks and Alexander the Great -- The Hellenistic Age -- The Romans -- The time of Herod the Great -- Roman Palestine after Herod the Great -- Intertestamental literature and the Dead Sea scrolls -- After the Bible -- Early Christianity -- The Byzantine Period -- Palestine and the Arabs -- Medieval Palestine and the Crusades. | |
| 526 | _aSEG42 | ||
| 526 | _aSEG41 | ||
| 526 | _aSEG40 | ||
| 526 | _aSEG39 | ||
| 526 | _aP94 | ||
| 526 | _aP87 | ||
| 526 | _aP86 | ||
| 526 | _aP85 | ||
| 526 | _aP77 | ||
| 526 | _aP76 | ||
| 526 | _aP35 | ||
| 650 | 0 |
_aBiblia _xAntigüedades. |
|
| 650 | 0 |
_aBiblia _xHistoria de eventos bíblicos. |
|
| 700 | 1 |
_aJackson, Kent P., _eeditor. |
|
| 910 |
_adbm _brri _crri _d20181221 |
||
| 942 |
_2ddc _cBOOK |
||
| 994 |
_aC0 _bPEPRU |
||
| 596 | _a1 | ||
| 999 |
_a220.9 C66 _wDEWEY _c30580 _i79380 _d30580 _f2021-11-9 _g4 _lCCODEBUL1 _mBUL _p32.00 _q1 _r0 _sY _tBOOK _u2018-12-21 _xTEOLOGIA _PP85 _0COMPRA _1FCOMPR2 _o.STAFF. Colección Teología |
||
| 980 |
_81 _gALBERTO SANCHEZ Responsable de Automatización |
||